[Event "Frauenbundesliga 2017-2018"]
[Site "Feffernitz, Grieskirchen, St. Veit/Glan"]
[Date "2017.11.26"]
[Round "3"]
[Board "2"]
[White "Schnegg, Anna-Lena"]
[Black "Hapala, Elisabeth"]
[Result "1-0"]
[WhiteElo "2140"]
[BlackElo "2091"]
[PlyCount "153"]
[EventDate "2017.11.24"]
[EventType "team"]
[EventRounds "9"]
[EventCountry "AUT"]
[WhiteTeam "Mayrhofen/SK Zell/Zillertal"]
[BlackTeam "ASVOE Pamhagen"]

1. c4 e5 2. Nc3 Nf6 3. e4 Nc6 4. g3 g6 5. Bg2 Bg7 6. Nge2 O-O 7. O-O d6 8. d3
Nd7 9. Be3 Nc5 10. f4 Ne6 11. f5 Ned4 12. g4 Bf6 13. Nd5 Nxe2+ 14. Qxe2 Nd4 15.
Qd2 Bh4 16. Bh6 c6 17. Bxf8 Qxf8 18. Nc3 Qe7 19. Kh1 Bd7 20. Ne2 Bg5 21. Qd1
Nxe2 22. Qxe2 Bf4 23. Qf2 Qg5 24. Bf3 Be3 25. Qe1 Bd2 26. Qe2 Bf4 27. Rae1 Qh4
28. Qf2 Qxf2 29. Rxf2 c5 30. Kg2 g5 31. Rb1 a5 32. a3 a4 33. Bd1 Bc6 34. Kf1
Kg7 35. Ke1 h6 36. Rg2 Kf6 37. Kf1 Ra5 38. Ke1 Ke7 39. Rf2 Kf6 40. Rg2 Ke7 41.
b3 axb3 42. Rxb3 Kd7 43. Rgb2 Kc7 44. Rf2 Ra8 45. Rf3 Bxh2 46. Rh3 Bf4 47. Rxh6
Kd7 48. a4 Ke7 49. Ra3 Ra5 50. Bb3 Be3 51. Ke2 Bf4 52. Ra1 Bg3 53. Rah1 Ra6 54.
Kd2 Bh4 55. Rh8 Be8 56. f6+ Kd7 57. a5 Rxa5 58. Rb1 Ra8 59. Rb2 Ke6 60. Ba4
Rxa4 61. Rxe8+ Kxf6 62. Rxb7 Ra2+ 63. Kc3 Be1+ 64. Kb3 Rd2 65. Ree7 Rxd3+ 66.
Kc2 Rd2+ 67. Kb3 Rd3+ 68. Ka4 Rd4 69. Rxf7+ Kg6 70. Rfd7 Rxc4+ 71. Kb5 Rd4 72.
Kc6 Bc3 73. Rxd6+ Rxd6+ 74. Kxd6 Bd4 75. Kd5 Kf6 76. Rc7 Kg6 77. Rxc5  1-0

[Event "Frauenbundesliga 2017-2018"]
[Site "Feffernitz, Grieskirchen, St. Veit/Glan"]
[Date "2017.11.26"]
[Round "3"]
[Board "3"]
[White "Horvath, Maria"]
[Black "Konecny, Sophie"]
[Result "1-0"]
[WhiteElo "1980"]
[BlackElo "1818"]
[PlyCount "101"]
[EventDate "2017.11.24"]
[EventType "team"]
[EventRounds "9"]
[EventCountry "AUT"]
[WhiteTeam "ASVOE Pamhagen"]
[BlackTeam "Mayrhofen/SK Zell/Zillertal"]

1. d4 Nf6 2. c4 e6 3. Nc3 Bb4 4. e3 c5 5. Nge2 cxd4 6. exd4 d5 7. a3 Bxc3+ 8.
Nxc3 Nc6 9. cxd5 Nxd5 10. Be2 O-O 11. O-O Qa5 12. Qd3 Rd8 13. Rd1 Bd7 14. Nxd5
Qxd5 15. Bf3 Qa5 16. Bd2 Qb6 17. Bc3 Rac8 18. Be4 h6 19. Qg3 Ne7 20. d5 Rxc3
21. Qxc3 Ba4 22. Rd4 exd5 23. Rxa4 dxe4 24. Rxe4 Nd5 25. Qd4 Qc6 26. h3 Ra8 27.
Rd1 Nf6 28. Re3 b6 29. Rc3 Qb5 30. Rg3 Qe2 31. Rd2 Qe6 32. Rdd3 Rc8 33. Rc3 Rf8
34. Rge3 Qf5 35. Qd3 Qg5 36. Rg3 Qe5 37. Rc4 Qe1+ 38. Qf1 Qe5 39. Qc1 Nh5 40.
Re3 Qd5 41. Rec3 Kh7 42. Qc2+ g6 43. Qd3 Qg5 44. Qe3 Qd8 45. Rd4 Qf6 46. Rc7
Ng7 47. Rdd7 Ne6 48. Rxa7 Nc5 49. Re7 g5 50. b4 Ne6 51. Qxe6  1-0

[Event "Frauenbundesliga 2017-2018"]
[Site "Feffernitz, Grieskirchen, St. Veit/Glan"]
[Date "2017.11.26"]
[Round "3"]
[Board "4"]
[White "Roeck, Vanessa"]
[Black "Kosc, Renata"]
[Result "1/2-1/2"]
[WhiteElo "1627"]
[BlackElo "1989"]
[PlyCount "119"]
[EventDate "2017.11.24"]
[EventType "team"]
[EventRounds "9"]
[EventCountry "AUT"]
[WhiteTeam "Mayrhofen/SK Zell/Zillertal"]
[BlackTeam "ASVOE Pamhagen"]

1. e4 c5 2. d3 Nc6 3. g3 g6 4. Bg2 Bg7 5. f4 d6 6. Nf3 e6 7. O-O Nge7 8. Na3
O-O 9. c3 d5 10. e5 a6 11. d4 cxd4 12. cxd4 b5 13. Nc2 Qb6 14. Be3 b4 15. Nd2
Na5 16. b3 Bd7 17. Nf3 Bb5 18. Re1 Nac6 19. a4 bxa3 20. Nxa3 Nb4 21. Nxb5 axb5
22. Qe2 Nec6 23. Bf1 Rxa1 24. Rxa1 Rb8 25. Kh1 Bf8 26. g4 h6 27. Qg2 Ne7 28. h4
Kh7 29. h5 gxh5 30. gxh5 Nf5 31. Bd2 Be7 32. Bxb4 Bxb4 33. Bd3 Rc8 34. Qh3 Kh8
35. Bxf5 exf5 36. Qxf5 Bc3 37. Ra2 Qe6 38. Qxe6 fxe6 39. Rg2 Rf8 40. Rg4 Rf5
41. Rh4 Bb2 42. Kg2 Bc1 43. Kg3 Be3 44. Rg4 Kh7 45. Rg6 Rxh5 46. Rxe6 Rf5 47.
Rd6 Rxf4 48. Rxd5 Re4 49. Rxb5 Bxd4 50. Nxd4 Rxd4 51. Rb6 Kg7 52. b4 Kf7 53.
Rxh6 Rxb4 54. Rf6+ Ke7 55. Rf4 Rb5 56. Re4 Ke6 57. Kf4 Rb1 58. Re3 Rb4+ 59. Re4
Rb1 60. Re3  1/2-1/2

[Event "Frauenbundesliga 2017-2018"]
[Site "Feffernitz, Grieskirchen, St. Veit/Glan"]
[Date "2017.11.26"]
[Round "3"]
[Board "1"]
[White "Richterova, Natasa"]
[Black "Hiebler, Laura"]
[Result "1-0"]
[WhiteElo "2181"]
[BlackElo "2039"]
[PlyCount "89"]
[EventDate "2017.11.24"]
[EventType "team"]
[EventRounds "9"]
[EventCountry "AUT"]
[WhiteTeam "Spg. Steyr"]
[BlackTeam "SV OEkothek St. Veit/Glan"]

1. e4 e6 2. d4 d5 3. Nd2 c5 4. exd5 Qxd5 5. Ngf3 cxd4 6. Bc4 Qd6 7. O-O Nf6 8.
Nb3 Nc6 9. Nbxd4 Nxd4 10. Qxd4 Qxd4 11. Nxd4 a6 12. Bf4 Be7 13. Rfe1 O-O 14.
Nf5 Bc5 15. Nd6 Bxd6 16. Bxd6 Rd8 17. Bc7 Rd7 18. Bb6 h6 19. a4 Nd5 20. Ba5 Rb8
21. Rad1 Nf6 22. Bb6 Rxd1 23. Rxd1 Bd7 24. a5 Bc6 25. f3 Kf8 26. Bf1 Ke8 27. c4
Nd7 28. Bd4 e5 29. Be3 f5 30. b4 Nf6 31. b5 axb5 32. cxb5 Bd7 33. a6 bxa6 34.
bxa6 Bc6 35. Rd6 Bd5 36. a7 Rd8 37. Bb5+ Ke7 38. Rb6 Nd7 39. Rg6 Bf7 40. Rxg7
Nf6 41. Bc5+ Ke6 42. Bc4+ Nd5 43. Rxf7 Kxf7 44. Bxd5+ Rxd5 45. a8=Q  1-0

[Event "Frauenbundesliga 2017-2018"]
[Site "Feffernitz, Grieskirchen, St. Veit/Glan"]
[Date "2017.11.26"]
[Round "3"]
[Board "2"]
[White "Kejzar, Petra"]
[Black "Saler-Grafenberger, Elisabeth"]
[Result "1-0"]
[WhiteElo "2071"]
[BlackElo "1907"]
[PlyCount "89"]
[EventDate "2017.11.24"]
[EventType "team"]
[EventRounds "9"]
[EventCountry "AUT"]
[WhiteTeam "SV OEkothek St. Veit/Glan"]
[BlackTeam "Spg. Steyr"]

1. e4 d6 2. d4 Nf6 3. Nc3 e5 4. Nf3 Nbd7 5. Bc4 Be7 6. O-O c6 7. a4 O-O 8. h3
Qc7 9. Be3 h6 10. Re1 Re8 11. Ba2 Nf8 12. Qd3 Ng6 13. Qc4 Bd8 14. Rad1 Rf8 15.
Bc1 Qe7 16. Qd3 Bc7 17. b4 Nh5 18. Ne2 Kh8 19. g4 Nf6 20. Ng3 Nh7 21. Nf5 Qf6
22. d5 Bxf5 23. gxf5 Nh4 24. Nxh4 Qxh4 25. Qg3 Qxg3+ 26. fxg3 a5 27. dxc6 bxc6
28. b5 cxb5 29. axb5 Rab8 30. c4 g6 31. Bxh6 Rg8 32. Kg2 gxf5 33. exf5 f6 34.
c5 Rgd8 35. b6 Bxb6 36. cxb6 Rxb6 37. Bd5 Rb5 38. Re4 Rc8 39. Rg4 Rb2+ 40. Kg1
Ng5 41. Bxg5 fxg5 42. Rxg5 a4 43. f6 Kh7 44. Be4+ Kh8 45. Rh5+  1-0

[Event "Frauenbundesliga 2017-2018"]
[Site "Feffernitz, Grieskirchen, St. Veit/Glan"]
[Date "2017.11.26"]
[Round "3"]
[Board "3"]
[White "Hackbarth, Christa"]
[Black "Tarmastin, Laura"]
[Result "0-1"]
[WhiteElo "1818"]
[BlackElo "1883"]
[PlyCount "90"]
[EventDate "2017.11.24"]
[EventType "team"]
[EventRounds "9"]
[EventCountry "AUT"]
[WhiteTeam "Spg. Steyr"]
[BlackTeam "SV OEkothek St. Veit/Glan"]

1. d4 Nf6 2. Nf3 g6 3. Bf4 Bg7 4. e3 O-O 5. c3 d6 6. h3 c5 7. Be2 Bd7 8. O-O
Re8 9. Na3 Bc6 10. Qb3 a6 11. Bc4 d5 12. Be2 c4 13. Qc2 Nbd7 14. Rad1 Qa5 15.
Qb1 Ne4 16. Nd2 Nxc3 17. bxc3 Qxa3 18. Rc1 e5 19. dxe5 Nxe5 20. Qa1 Rad8 21.
Rfd1 Ba4 22. Nb1 Qc5 23. Rd2 h6 24. Qb2 b5 25. Na3 Nc6 26. Nc2 Bxc2 27. Qxc2 b4
28. cxb4 Nxb4 29. Qa4 g5 30. Bg3 c3 31. Rdd1 c2 32. Rf1 Bb2 33. Bg4 Bxc1 34.
Rxc1 Qc3 35. Bf5 Qb2 36. Rxc2 Nxc2 37. Bxc2 Rc8 38. Bf5 Rc1+ 39. Kh2 Ra8 40. h4
Qa1 41. Bd6 Qf6 42. Qa3 Rc6 43. Be7 Qxf5 44. hxg5 hxg5 45. Qb2 Rac8  0-1

[Event "Frauenbundesliga 2017-2018"]
[Site "Feffernitz, Grieskirchen, St. Veit/Glan"]
[Date "2017.11.26"]
[Round "3"]
[Board "4"]
[White "Stangl, Helga"]
[Black "Nagy, Laura"]
[Result "0-1"]
[WhiteElo "1605"]
[BlackElo "1803"]
[PlyCount "60"]
[EventDate "2017.11.24"]
[EventType "team"]
[EventRounds "9"]
[EventCountry "AUT"]
[WhiteTeam "SV OEkothek St. Veit/Glan"]
[BlackTeam "Spg. Steyr"]

1. Nf3 Nf6 2. b3 d5 3. Bb2 e6 4. e3 c5 5. Bb5+ Nc6 6. Bxc6+ bxc6 7. Ne5 Qc7 8.
d3 Bd6 9. f4 Bb7 10. Nd2 O-O-O 11. Ndf3 h6 12. Qe2 Ne8 13. h4 f6 14. Ng6 Rg8
15. h5 Ba6 16. O-O Qb6 17. c4 Kb8 18. d4 Nc7 19. dxc5 Bxc5 20. Bd4 Rge8 21.
Rfe1 Ka8 22. Qc2 Bxd4 23. exd4 c5 24. Rad1 dxc4 25. bxc4 Bb7 26. dxc5 Qxc5+ 27.
Kf1 Qxh5 28. Rxd8+ Rxd8 29. Kf2 Bxf3 30. gxf3 Qh2+  0-1

[Event "Frauenbundesliga 2017-2018"]
[Site "Feffernitz, Grieskirchen, St. Veit/Glan"]
[Date "2017.11.26"]
[Round "3"]
[Board "1"]
[White "Urh, Zala"]
[Black "Novkovic, Julia"]
[Result "0-1"]
[WhiteElo "1978"]
[BlackElo "2151"]
[PlyCount "156"]
[EventDate "2017.11.24"]
[EventType "team"]
[EventRounds "9"]
[EventCountry "AUT"]
[WhiteTeam "SV Chesshero Rapid Feffernitz"]
[BlackTeam "SK Dornbirn"]

1. d4 g6 2. c4 Bg7 3. Nf3 d6 4. Nc3 Nd7 5. e4 e5 6. d5 f5 7. exf5 gxf5 8. Qc2
Ne7 9. Be2 O-O 10. Bd2 a5 11. a3 Nc5 12. O-O-O Ng6 13. h4 e4 14. Ng5 Ne5 15.
Be3 Ncd3+ 16. Bxd3 Nxd3+ 17. Rxd3 exd3 18. Qxd3 Qf6 19. h5 h6 20. Nh3 Qh4 21.
Re1 f4 22. Bd4 Bf5 23. Qd1 Rae8 24. Rxe8 Rxe8 25. Bxg7 Kxg7 26. Qd4+ Qf6 27.
Qxf6+ Kxf6 28. Nxf4 Kg5 29. g3 Kg4 30. Nce2 Bd3 31. Nxd3 Rxe2 32. Kd1 Re4 33.
b3 Kf3 34. Kd2 Re2+ 35. Kc3 Ra2 36. Kd4 Kg4 37. Ke4 Rxa3 38. Nc1 Ra1 39. Ne2
Rb1 40. f3+ Kg5 41. Nd4 Re1+ 42. Kd3 Kxh5 43. Ne6 c5 44. Nd8 Re7 45. Ne6 Kg6
46. g4 Kf6 47. Ke4 b5 48. cxb5 Rb7 49. Kd3 Rxb5 50. Kc3 Ke5 51. f4+ Ke4 52. f5
Ke5 53. Nd8 Kxd5 54. Nf7 Rb4 55. Nxh6 Rf4 56. g5 Rf3+ 57. Kb2 Ke5 58. Nf7+ Kxf5
59. Nxd6+ Ke5 60. Nc4+ Kd4 61. Nxa5 Rf2+ 62. Ka3 Rg2 63. Ka4 Rxg5 64. Nc6+ Kc3
65. Na5 Rh5 66. Nc6 Rf5 67. Na5 Rg5 68. Nc6 Rh5 69. Na5 Kd4 70. Nc6+ Kd5 71.
Na5 Rh4+ 72. Ka3 Rh1 73. Nc4 Kd4 74. Kb2 Rh2+ 75. Ka3 Kc3 76. Na5 Rh1 77. Ka4
Ra1+ 78. Kb5 Rxa5+  0-1

[Event "Frauenbundesliga 2017-2018"]
[Site "Feffernitz, Grieskirchen, St. Veit/Glan"]
[Date "2017.11.26"]
[Round "3"]
[Board "2"]
[White "Kurapova, Olga"]
[Black "Sommer, Hannah"]
[Result "1-0"]
[WhiteElo "1964"]
[BlackElo "1779"]
[PlyCount "61"]
[EventDate "2017.11.24"]
[EventType "team"]
[EventRounds "9"]
[EventCountry "AUT"]
[WhiteTeam "SK Dornbirn"]
[BlackTeam "SV Chesshero Rapid Feffernitz"]

1. d4 d5 2. c4 c6 3. cxd5 cxd5 4. Bf4 Nf6 5. Nc3 a6 6. e3 e6 7. Bd3 Bd6 8. Bg3
O-O 9. Nf3 Nc6 10. a3 b5 11. Ne5 Bb7 12. Nxc6 Bxc6 13. b4 Rc8 14. Rc1 Re8 15.
O-O e5 16. Bf5 Bd7 17. Bxd7 Qxd7 18. dxe5 Bxe5 19. Bxe5 Rxe5 20. Qd4 Rh5 21.
Qf4 Rc4 22. Qb8+ Rc8 23. Qg3 h6 24. Rfd1 Rc4 25. Ne2 Qc6 26. Rxc4 dxc4 27. Rd8+
Kh7 28. Qb8 Rg5 29. Nf4 g6 30. Rh8+ Kg7 31. Qf8#  1-0

[Event "Frauenbundesliga 2017-2018"]
[Site "Feffernitz, Grieskirchen, St. Veit/Glan"]
[Date "2017.11.26"]
[Round "3"]
[Board "3"]
[White "Zoehrer, Sarah"]
[Black "Bas, Aydan"]
[Result "1/2-1/2"]
[WhiteElo "1735"]
[BlackElo "1497"]
[PlyCount "77"]
[EventDate "2017.11.24"]
[EventType "team"]
[EventRounds "9"]
[EventCountry "AUT"]
[WhiteTeam "SV Chesshero Rapid Feffernitz"]
[BlackTeam "SK Dornbirn"]

1. d4 Nf6 2. c4 d6 3. Nc3 g6 4. e4 Bg7 5. Nf3 O-O 6. h3 Nbd7 7. Be3 e5 8. d5
Re8 9. Bd3 Qe7 10. Qd2 Nb6 11. Bg5 c6 12. b3 Qc7 13. Bc2 cxd5 14. Bxf6 Bxf6 15.
Nxd5 Nxd5 16. Qxd5 Be6 17. Qd2 Rac8 18. Rc1 Bd7 19. O-O Bc6 20. Rfd1 Be7 21.
Qe3 Kh8 22. g4 Rg8 23. Ng5 f6 24. Nf3 Bd7 25. Kh1 Qc5 26. Qxc5 Rxc5 27. Ne1 Be6
28. Nd3 Rc6 29. f4 Bf7 30. Rf1 Kg7 31. Nb4 Rcc8 32. Bd3 a5 33. Nc2 Rgd8 34. a4
Rd7 35. Ra1 b6 36. Na3 Rdc7 37. Nb5 Rc5 38. Be2 Be8 39. Nc3  1/2-1/2

[Event "Frauenbundesliga 2017-2018"]
[Site "Feffernitz, Grieskirchen, St. Veit/Glan"]
[Date "2017.11.26"]
[Round "3"]
[Board "4"]
[White "Pribozic, Sabrina"]
[Black "Oberberger, Bianca"]
[Result "1-0"]
[WhiteElo "1520"]
[BlackElo "1194"]
[PlyCount "157"]
[EventDate "2017.11.24"]
[EventType "team"]
[EventRounds "9"]
[EventCountry "AUT"]
[WhiteTeam "SK Dornbirn"]
[BlackTeam "SV Chesshero Rapid Feffernitz"]

1. d4 g6 2. Nf3 Bg7 3. c4 d6 4. Nc3 Nf6 5. e3 O-O 6. Be2 Bf5 7. O-O Nc6 8. a3
Re8 9. Re1 e5 10. Bf1 e4 11. Nd2 Qc8 12. b4 a6 13. Bb2 h6 14. Nb3 Qd8 15. c5 d5
16. Qd2 Qe7 17. Ne2 g5 18. a4 Na7 19. Nc3 c6 20. b5 Nc8 21. Nc1 Qe6 22. N1a2
Ne7 23. Nb4 a5 24. Nc2 Ng6 25. bxc6 bxc6 26. Rab1 Nh4 27. Ne2 Bh3 28. Ng3 Nf3+
29. gxf3 exf3 30. Rec1 Ne4 31. Qd3 Bxf1 32. Kxf1 Qh3+ 33. Ke1 Qxh2 34. Nxe4
dxe4 35. Qf1 h5 36. Kd2 Re6 37. Qg1 Qxg1 38. Rxg1 Rg6 39. Rh1 h4 40. Rbg1 Kf8
41. Kc3 Rb8 42. Ba3 Ke7 43. Kc4 Ke6 44. Rg4 f5 45. Rgg1 Rh8 46. Bc1 h3 47. Bd2
Bf6 48. Bxa5 Rgg8 49. Bb6 Ra8 50. a5 g4 51. Nb4 Rhc8 52. a6 Bh4 53. Rf1 Bf6 54.
a7 Kd7 55. d5 cxd5+ 56. Nxd5 Be7 57. Rd1 Ke6 58. Nc7+ Rxc7 59. Bxc7 Rxa7 60.
Bd6 Bf6 61. Rd2 Ra6 62. Kb5 Ra8 63. Kb6 Re8 64. c6 Be5 65. Bxe5 Kxe5 66. c7 Ke6
67. Kb7 Ke7 68. c8=Q Rxc8 69. Kxc8 Ke6 70. Kc7 Kf6 71. Rd6+ Ke7 72. Ra6 Kf7 73.
Kd8 Kg7 74. Ke8 Kg8 75. Rf6 Kg7 76. Ke7 Kg8 77. Rg6+ Kh7 78. Kf7 Kh8 79. Rh6#
 1-0

[Event "Frauenbundesliga 2017-2018"]
[Site "Feffernitz, Grieskirchen, St. Veit/Glan"]
[Date "2017.11.26"]
[Round "3"]
[Board "1"]
[White "Exler, Veronika"]
[Black "Unuk, Laura"]
[Result "1-0"]
[WhiteElo "2194"]
[BlackElo "2329"]
[PlyCount "111"]
[EventDate "2017.11.24"]
[EventType "team"]
[EventRounds "9"]
[EventCountry "AUT"]
[WhiteTeam "ASVOE Wulkaprodersdorf"]
[BlackTeam "SK Baden"]

1. d4 Nf6 2. c4 e6 3. Nf3 d5 4. g3 Bb4+ 5. Bd2 Bd6 6. Nc3 c6 7. Bg2 O-O 8. O-O
Ne4 9. Nxe4 dxe4 10. Ne1 f5 11. Bf4 Bxf4 12. gxf4 Qh4 13. f3 Rf6 14. fxe4 fxe4
15. Bxe4 Rh6 16. Rf2 Nd7 17. e3 Nf6 18. Bf3 e5 19. fxe5 Ng4 20. Bxg4 Bxg4 21.
Qd2 Rg6 22. Ng2 Bh3 23. Qc2 Qg4 24. Re1 Rf8 25. Rxf8+ Kxf8 26. Rf1+ Kg8 27. Rf2
h5 28. c5 Kh7 29. Kf1 Kh6 30. Kg1 h4 31. e4 Kh7 32. Qe2 Qg5 33. Qd2 Qh5 34. Kf1
Be6 35. b3 Bh3 36. Ke1 Qg4 37. Nf4 Qg1+ 38. Ke2 Bg4+ 39. Kd3 Rh6 40. Kc2 Bd1+
41. Kb2 h3 42. e6 Bg4 43. d5 cxd5 44. e7 Bd7 45. exd5 Qg5 46. Qc2+ Kg8 47. Ne6
Qxe7 48. Rf8+ Qxf8 49. Nxf8 Kxf8 50. Qf2+ Rf6 51. Qg3 Rf5 52. Qd6+ Ke8 53. c6
bxc6 54. dxc6 Rf2+ 55. Kc3 Bf5 56. Qb8+  1-0

[Event "Frauenbundesliga 2017-2018"]
[Site "Feffernitz, Grieskirchen, St. Veit/Glan"]
[Date "2017.11.26"]
[Round "3"]
[Board "2"]
[White "Trippold, Denise"]
[Black "Newrkla, Katharina"]
[Result "1/2-1/2"]
[WhiteElo "2067"]
[BlackElo "2175"]
[PlyCount "116"]
[EventDate "2017.11.24"]
[EventType "team"]
[EventRounds "9"]
[EventCountry "AUT"]
[WhiteTeam "SK Baden"]
[BlackTeam "ASVOE Wulkaprodersdorf"]

1. d4 Nf6 2. c4 g6 3. Nc3 Bg7 4. e4 d6 5. Be2 O-O 6. Be3 c5 7. dxc5 Qa5 8. f3
dxc5 9. e5 Ne8 10. f4 Nc6 11. Nf3 Be6 12. O-O Rd8 13. Qc1 Nd4 14. Bxd4 cxd4 15.
Nd5 Bxd5 16. cxd5 Nc7 17. Rd1 Nxd5 18. Rxd4 Qb6 19. Kh1 Nb4 20. Qd2 Rxd4 21.
Qxd4 Qxd4 22. Nxd4 Rd8 23. Nf3 f6 24. exf6 Bxf6 25. Kg1 Nc2 26. Rc1 Nd4 27.
Nxd4 Rxd4 28. Rc7 Rxf4 29. Rxb7 Bd4+ 30. Kh1 Re4 31. Bc4+ Kf8 32. g3 Bxb2 33.
Bb3 Bd4 34. Rd7 Bc5 35. Rd5 Bb6 36. Rd2 g5 37. Kg2 g4 38. Kf1 Re5 39. Bc2 h5
40. Bb3 Kg7 41. Rd5 Rxd5 42. Bxd5 Kf6 43. Kg2 Kg5 44. h3 gxh3+ 45. Kxh3 Bd4 46.
Bf3 Bf6 47. Kg2 Bd4 48. Be4 h4 49. gxh4+ Kf4 50. Bd3 e5 51. Kf1 e4 52. Bc4 Ke3
53. h5 Bg7 54. Ba6 Kd2 55. Bb5 Bh6 56. Ba6 Kc3 57. Ke2 Kb2 58. Bc4 Kc3  1/2-1/2

[Event "Frauenbundesliga 2017-2018"]
[Site "Feffernitz, Grieskirchen, St. Veit/Glan"]
[Date "2017.11.26"]
[Round "3"]
[Board "3"]
[White "Moerwald, Miriam"]
[Black "Kordzadze, Nino"]
[Result "1/2-1/2"]
[WhiteElo "1625"]
[BlackElo "1935"]
[PlyCount "126"]
[EventDate "2017.11.24"]
[EventType "team"]
[EventRounds "9"]
[EventCountry "AUT"]
[WhiteTeam "ASVOE Wulkaprodersdorf"]
[BlackTeam "SK Baden"]

1. e4 e6 2. d4 d5 3. Nc3 Bb4 4. e5 Ne7 5. Qg4 c5 6. Nge2 cxd4 7. Nxd4 Bxc3+ 8.
bxc3 a6 9. Qxg7 Rg8 10. Qxh7 Qc7 11. Kd2 Qxe5 12. Ba3 Qg5+ 13. Kd3 e5 14. f4
Qxf4 15. Bxe7 e4+ 16. Ke2 Bg4+ 17. Ke1 Rg6 18. Be2 Qe3 19. Bb4 Bf3 20. Nxf3
exf3 21. Qh8+ Kd7 22. Qh3+ Re6 23. Qxf3 a5 24. Qxe3 Rxe3 25. Kd2 Rxe2+ 26. Kxe2
axb4 27. cxb4 Nc6 28. c3 Ra3 29. Rhc1 b5 30. h4 Ke6 31. Kd2 f5 32. h5 Kf6 33.
h6 Ne5 34. h7 Kg7 35. Rh1 Kh8 36. Rh5 Nc4+ 37. Kd3 Ne5+ 38. Kd4 Nc6+ 39. Kxd5
Rxc3 40. Re1 Nxb4+ 41. Kd6 Rc8 42. Kd7 Rf8 43. Re8 Rxe8 44. Kxe8 Nxa2 45. Rxf5
Nb4 46. Rxb5 Nc6 47. Kf7 Nd4 48. Rb8+ Kxh7 49. Rb1 Kh6 50. Rb4 Nc2 51. Rg4 Kh5
52. Rg7 Ne3 53. g3 Ng4 54. Ke6 Ne3 55. Rg8 Ng4 56. Ra8 Kg5 57. Ra5+ Kg6 58. Rf5
Ne3 59. Rf4 Kg5 60. Ra4 Nf1 61. g4 Ne3 62. Re4 Nxg4 63. Rxg4+ Kxg4  1/2-1/2

[Event "Frauenbundesliga 2017-2018"]
[Site "Feffernitz, Grieskirchen, St. Veit/Glan"]
[Date "2017.11.26"]
[Round "3"]
[Board "4"]
[White "Panzenboeck, Sophie"]
[Black "Tschida, Verena"]
[Result "0-1"]
[WhiteElo "1509"]
[BlackElo "1600"]
[PlyCount "82"]
[EventDate "2017.11.24"]
[EventType "team"]
[EventRounds "9"]
[EventCountry "AUT"]
[WhiteTeam "SK Baden"]
[BlackTeam "ASVOE Wulkaprodersdorf"]

1. d4 d5 2. Nf3 Nc6 3. g3 Nf6 4. Bg2 e6 5. O-O Bd7 6. Nbd2 Bb4 7. c3 Be7 8. Re1
O-O 9. e4 Na5 10. e5 Ne8 11. h4 c5 12. h5 cxd4 13. Nxd4 Rc8 14. g4 Nc6 15. f4
Nxd4 16. cxd4 Qb6 17. Nf3 f6 18. Re2 Bb5 19. Rf2 fxe5 20. Nxe5 Nd6 21. b3 Nf7
22. f5 Nxe5 23. dxe5 exf5 24. Bxd5+ Kh8 25. Kg2 fxg4 26. Rxf8+ Rxf8 27. Qc2
Bf1+ 28. Kg3 Qg1+ 29. Bg2 Rf3+ 30. Kxg4 Qxg2+ 31. Qxg2 Bxg2 32. Bb2 Rf1 33. h6
Rxa1 34. Bxa1 g6 35. e6+ Kg8 36. Kf4 Kf8 37. Bg7+ Ke8 38. Ke5 Bf8 39. Kd4 Be7
40. Ke5 Bh3 41. Kd5 Bf5  0-1

[Event "Frauenbundesliga 2017-2018"]
[Site "Feffernitz, Grieskirchen, St. Veit/Glan"]
[Date "2017.11.26"]
[Round "3"]
[Board "1"]
[White "Anker, Christin"]
[Black "Mar, Karmen"]
[Result "0-1"]
[WhiteElo "1809"]
[BlackElo "2047"]
[PlyCount "58"]
[EventDate "2017.11.24"]
[EventType "team"]
[EventRounds "9"]
[EventCountry "AUT"]
[WhiteTeam "Schach ohne Grenzen"]
[BlackTeam "SC Extraherb WS"]

1. e4 c5 2. Nc3 Nc6 3. f4 g6 4. Nf3 Bg7 5. Bb5 Nd4 6. O-O a6 7. Bc4 b5 8. Bd5
Rb8 9. a3 e6 10. Ba2 d6 11. d3 Ne7 12. Kh1 Qc7 13. Ne2 O-O 14. c3 Nxf3 15. Rxf3
Bb7 16. Rh3 c4 17. Ng3 f5 18. Qe2 Rbc8 19. Bd2 Kh8 20. dxc4 bxc4 21. exf5 exf5
22. Bxc4 Qxc4 23. Qxe7 Bxg2+ 24. Kxg2 Qd5+ 25. Kg1 Qxd2 26. Rf1 Rce8 27. Qb7
Rb8 28. Qxa6 Rxb2 29. Qc6 d5  0-1

[Event "Frauenbundesliga 2017-2018"]
[Site "Feffernitz, Grieskirchen, St. Veit/Glan"]
[Date "2017.11.26"]
[Round "3"]
[Board "2"]
[White "Landl, Margot"]
[Black "Wunderl, Eva"]
[Result "1/2-1/2"]
[WhiteElo "1903"]
[BlackElo "1883"]
[PlyCount "99"]
[EventDate "2017.11.24"]
[EventType "team"]
[EventRounds "9"]
[EventCountry "AUT"]
[WhiteTeam "SC Extraherb WS"]
[BlackTeam "Schach ohne Grenzen"]

1. e4 e5 2. Nf3 Nc6 3. Bb5 a6 4. Ba4 Nf6 5. O-O Be7 6. Bxc6 dxc6 7. d3 Nd7 8.
Nbd2 O-O 9. Nc4 f6 10. Nh4 Nc5 11. Nf5 Bxf5 12. exf5 Qd5 13. Qe2 Rfe8 14. Be3
e4 15. d4 Na4 16. b3 Nb6 17. Nxb6 cxb6 18. Qg4 b5 19. c3 Rad8 20. Rae1 Bf8 21.
f3 exf3 22. Rxf3 Re4 23. Qh5 Qf7 24. Qxf7+ Kxf7 25. Rff1 Rde8 26. Kf2 Bd6 27.
g3 Bc7 28. Bd2 Ba5 29. Kf3 Rxe1 30. Rxe1 Rxe1 31. Bxe1 g5 32. g4 Ke7 33. Ke4
Bc7 34. h4 h6 35. h5 Kd6 36. c4 b6 37. Bb4+ c5 38. Bc3 Bd8 39. cxb5 axb5 40.
Be1 Be7 41. Bg3+ Kc6 42. d5+ Kd7 43. a4 bxa4 44. bxa4 Bd6 45. Be1 Be5 46. Kd3
Kd6 47. Kc4 Bd4 48. Bg3+ Be5 49. Be1 Bd4 50. Bg3+  1/2-1/2

[Event "Frauenbundesliga 2017-2018"]
[Site "Feffernitz, Grieskirchen, St. Veit/Glan"]
[Date "2017.11.26"]
[Round "3"]
[Board "3"]
[White "Kimpel, Janine"]
[Black "Zechner, Andrea"]
[Result "0-1"]
[WhiteElo "1872"]
[BlackElo "1818"]
[PlyCount "104"]
[EventDate "2017.11.24"]
[EventType "team"]
[EventRounds "9"]
[EventCountry "AUT"]
[WhiteTeam "Schach ohne Grenzen"]
[BlackTeam "SC Extraherb WS"]

1. e4 c6 2. d4 d5 3. exd5 cxd5 4. Bd3 Nc6 5. c3 Nf6 6. Bf4 Bg4 7. Qb3 Qc8 8.
Nd2 e6 9. Ngf3 Be7 10. O-O O-O 11. h3 Bh5 12. Rae1 Bg6 13. Bxg6 hxg6 14. Ne5 a6
15. Re3 b5 16. a3 Na5 17. Qc2 Nc4 18. Re2 a5 19. Rfe1 Ra6 20. Ndf3 Ne4 21. Nxc4
bxc4 22. Ne5 Bd6 23. f3 Nf6 24. g4 Re8 25. h4 Rb6 26. Kg2 Qd8 27. Rh1 Nh7 28.
g5 Nf8 29. h5 Bxe5 30. dxe5 gxh5 31. Rxh5 Ng6 32. Bc1 Rb7 33. Kf1 d4 34. cxd4
Qxd4 35. Qa4 Rc8 36. Qxa5 Qd1+ 37. Qe1 Qd3 38. Kf2 Rb5 39. Re4 Rd8 40. Rh1 Qc2+
41. Kg3 Rbd5 42. Rh2 Qb3 43. Qe2 Rd3 44. Be3 Ne7 45. Bc5 Nf5+ 46. Kg4 R8d5 47.
Ba7 Qa4 48. Be3 Nxe3+ 49. Rxe3 Rd2 50. Qxd2 Rxd2 51. Rxd2 c3+ 52. Re4 Qxe4+  0-1

[Event "Frauenbundesliga 2017-2018"]
[Site "Feffernitz, Grieskirchen, St. Veit/Glan"]
[Date "2017.11.26"]
[Round "3"]
[Board "4"]
[White "Majkovski, Sarah"]
[Black "Roos, Karin"]
[Result "1-0"]
[WhiteElo "1633"]
[BlackElo "1705"]
[PlyCount "55"]
[EventDate "2017.11.24"]
[EventType "team"]
[EventRounds "9"]
[EventCountry "AUT"]
[WhiteTeam "SC Extraherb WS"]
[BlackTeam "Schach ohne Grenzen"]

1. e4 d6 2. d4 g6 3. Nc3 Bg7 4. Be3 Nf6 5. f3 Nc6 6. Qd2 h6 7. O-O-O a6 8. g4
b5 9. h4 Bb7 10. Nge2 e5 11. d5 Ne7 12. Bg2 Nd7 13. Rdf1 Nb6 14. b3 Qd7 15. f4
b4 16. Nb1 a5 17. f5 Ng8 18. fxg6 fxg6 19. Bh3 Qb5 20. Ng3 O-O-O 21. Rf7 Bf8
22. Rhf1 Ne7 23. g5+ Kb8 24. gxh6 Bc8 25. Be6 Bxe6 26. dxe6 d5 27. h7 dxe4 28.
Qxd8+  1-0